[Event "DEN-ch G7-2"]
[Site "Svendborg"]
[Date "2019.04.16"]
[Round "1"]
[White "Olsen, Keld Johnny"]
[Black "Gregor, Bjarke"]
[Result "0-1"]
[WhiteElo "1860"]
[BlackElo "1912"]
[PlyCount "96"]
[EventDate "2019.04.16"]
[EventType "swiss"]
[EventRounds "7"]
[EventCountry "DEN"]
[SourceTitle "EXT 2020"]
[Source "ChessBase"]
[SourceDate "2019.10.17"]
[SourceVersion "1"]
[SourceVersionDate "2019.10.17"]
[SourceQuality "1"]

1. c4 Nf6 2. Nf3 e6 3. g3 b6 4. Bg2 Bb7 5. Nc3 c5 6. d3 Be7 7. Bf4 0-0 8. 0-0 d6 9. Qc2 Nc6 10. a3 Rb8 11. Rad1 Nd4 12. Qb1 h6 13. b4 Qd7 14. e4 e5 15. Be3 Qg4 16. Bxd4 cxd4 17. h3 Qd7 18. Ne2 Nh7 19. Nd2 f5 20. f4 fxe4 21. Nxe4 Nf6 22. Qb3 Kh8 23. Kh2 Nh5 24. Bf3 Bc8 25. Nf2 Qe8 26. Ng4 exf4 27. Nxf4 Nxf4 28. gxf4 Rxf4 29. c5 Qf8 30. Bg2 Bb7 31. c6 Bxc6 32. Qe6 Bg5 33. Rde1 Re8 34. Qc4 Rxe1 35. Rxe1 Bxg2 36. Kxg2 Kh7 37. Qc6 Bh4 38. Re8 Qf7 39. Re2 h5 40. Nh2 Rf2+ 41. Rxf2 Qxf2+ 42. Kh1 Qe1+ 43. Kg2 Qf2+ 44. Kh1 Bg3 45. Qe4+ Kh6 46. Qg2 Qxg2+ 47. Kxg2 Bxh2 48. Kxh2 Kg5 0-1

[Event "DEN-ch Kort 2 A"]
[Site "Skorping"]
[Date "2014.04.19"]
[Round "5"]
[White "Olsen, Keld Johnny"]
[Black "Christensen, Thomas2222"]
[Result "1/2-1/2"]
[WhiteElo "1813"]
[BlackElo "1855"]
[PlyCount "24"]
[EventDate "2014.04.17"]
[EventType "swiss"]
[EventRounds "5"]
[EventCountry "DEN"]
[SourceTitle "EXT 2023"]
[Source "ChessBase"]
[SourceDate "2022.10.05"]
[SourceVersion "1"]
[SourceVersionDate "2022.10.05"]
[SourceQuality "1"]

1. c4 e5 2. Nc3 Nc6 3. g3 Nf6 4. Bg2 g6 5. Nf3 Bg7 6. d4 exd4 7. Nxd4 Ne5 8. b3 0-0 9. Bb2 d6 10. Qc2 Rb8 11. Rd1 Bd7 12. 0-0 a6 1/2-1/2

[Event "DEN-ch Kort 2 A"]
[Site "Skorping"]
[Date "2014.04.17"]
[Round "2"]
[White "Olsen, Keld Johnny"]
[Black "Vangsgaard, Freja"]
[Result "1/2-1/2"]
[WhiteElo "1813"]
[BlackElo "1786"]
[PlyCount "62"]
[EventDate "2014.04.17"]
[EventType "swiss"]
[EventRounds "5"]
[EventCountry "DEN"]
[SourceTitle "EXT 2023"]
[Source "ChessBase"]
[SourceDate "2022.10.05"]
[SourceVersion "1"]
[SourceVersionDate "2022.10.05"]
[SourceQuality "1"]

1. c4 Nf6 2. Nc3 b6 3. Nf3 Bb7 4. b3 g6 5. Bb2 Bg7 6. e3 0-0 7. Be2 d6 8. d4 Nbd7 9. Qc2 e5 10. 0-0 Ne8 11. d5 f5 12. Rad1 h6 13. Nd2 Qe7 14. f3 Nef6 15. b4 h5 16. Nb3 Bh6 17. Bc1 Bg7 18. Bb2 Kf7 19. Nb5 Rfc8 20. a4 a6 21. Na3 c6 22. dxc6 Bxc6 23. b5 Bb7 24. Qd3 Ne8 25. e4 f4 26. Nc2 a5 27. Ba3 Nc5 28. Nxc5 dxc5 29. Qc3 Rd8 30. Bb2 Nc7 31. Ne1 Ne6 1/2-1/2